000 01005nam a2200277 i 4500
003 DO-SdBNP
005 20250527134131.0
007 ta
008 250527b2024 dr ||||| |||| 00| 0 spa d
020 _a9789945935790
040 _aDO-SdBNP
_bspa
_cBNPHU
_erda
082 4 _axxx
_bxxx
_222
100 _aVerona Núñez, Miguel Enrique,
_eautor
_4aut.
_987390
245 1 _aApuntes sobre el registro civil dominicano /
_cMiguel Varona ; prólogo, Daniel Mena ; corrección y edición, Piero Espinal Estévez
264 4 _aSanto Domingo :
_bEditorial Opus,
_c©2024.
300 _a165 páginas ;
_c23 cm.
336 _atexto
_btxt
_2rdacontent
337 _asin mediación
_bn
_2rdamedia
338 _avolumen
_bnc
_2rdacarrier
500 _aIncluye datos biográficos del autor en las solapas
590 _aInventariado, 2025/BT
700 1 _aMena, Daniel,
_eprologuista
_4pr.
_966817
700 1 _aEspinal Estévez, Piero,
_ecorrector y editor
_4corr. y ed.
_93550
910 _aBtavárez
942 _2ddc
_cLBS1
999 _c58670
_d58670